Manual de viticultura.

Sparad:
Bibliografiska uppgifter
Huvudupphovsman: Reynier, Alain (autor)
Materialtyp: Bok
Publicerad: Barcelona, España: Omega, 2013.
Upplaga:11ª edición.
Ämnen:
Taggar: Lägg till en tagg
Inga taggar, Lägg till första taggen!

MARC

LEADER 00000nam a22000007a 4500
003 CL-VaPUC
005 20250228115632.0
008 230913t2013 ||||| |||| 00| 0 eng d
999 |c 441795  |d 441793 
020 |a 978-84-282-1598-5 
040 |c Pontificia Universidad Católica de Valparaíso 
082 0 4 |a 634.8 REY 2013  |2 21 
100 |a Reynier, Alain  |e autor  |9 430854 
245 1 0 |a Manual de viticultura. 
250 |a 11ª edición. 
260 |a Barcelona, España:   |b Omega,   |c 2013. 
300 |a 593 páginas.  
583 |k GC  |c 20230913 
650 0 |a Viticultura  |9 301210 
650 0 |a Vid  |9 264784  |x Ampelografía  |x Morfología  |x Fisiología 
942 |c BK  |2 ddc 
952 |0 0  |1 0  |2 ddc  |4 0  |6 634_800000000000000_REY_2013  |7 0  |8 A  |9 591552  |a BIBAGR  |b BIBAGR  |c GEN  |d 2023-09-13  |e 3  |g 55168.00  |i 5658696  |o 634.8 REY 2013  |p 5658696  |r 2025-01-20  |t 1  |v 55168.00  |w 2023-09-13  |y BK  |k AGR 
952 |0 0  |1 0  |2 ddc  |4 0  |6 634_800000000000000_REY_2013  |7 0  |8 A  |9 591553  |a BIBAGR  |b BIBAGR  |c GEN  |d 2023-09-13  |e 3  |g 55168.00  |i 5658697  |o 634.8 REY 2013  |p 5658697  |r 2025-01-20  |t 2  |v 55168.00  |w 2023-09-13  |y BK  |k AGR